00661 2200217 4500001002100000005001700021008004100038035002400079040001200103082001100115090001800126100001700144245011000161250001100271260005400282300002500336650002900361700002000390850001200410990002100422YOGYA-0209000002272020090227023712.0 ind  0010-020900000022720 aYOPDYOG a320.54 a320.54bSus P aSUSENO, Alex aPengantar studi strategik sistem bina bela negara di Indonesiacoleh Alex Suseno ; editor A.S. Napitupulu aCet. 1 aJakartabGadilara Lembaga Studi Bela Negarac1988 axvii, 212 hlmc30 cm aNasionalisme - Indonesia aNapitupulu, A.S aYOPDYOG a15258-PD/A.06b1